| 000 | 00502nas a2200193 a 4500 | ||
|---|---|---|---|
| 999 |
_c20240 _d20240 |
||
| 005 | 20180620114403.0 | ||
| 008 | 180620s2011 ck uu|p|r|||| 00| 0 spa d | ||
| 022 | _a2248-4485 | ||
| 040 |
_aCO-BoIAVH _cCO-BoIAVH |
||
| 041 | _aspa | ||
| 044 | _ack | ||
| 090 | _aSE | ||
| 245 | 0 | 0 | _aMundo minero |
| 260 |
_aBogotá (Colombia) : _bGBS Grupo Editorial, _c2011-. |
||
| 300 |
_bilustraciones ; _c28 cm. |
||
| 310 | _ab | ||
| 650 | 2 | 6 |
_aMinería _vPublicaciones periódicas |
| 942 |
_2z _cREVISTA |
||